| 000 | 00746cab a2200205 4500 | ||
|---|---|---|---|
| 001 | WB3421-24 | ||
| 008 | 090401t1998 xxu||||| |||| 00| 0 eng d | ||
| 035 | _a(Sirsi) u86627 | ||
| 041 | _aeng | ||
| 245 | _aPower lines | ||
| 260 | _c1998 | ||
| 350 | _a0 | ||
| 490 |
_aPlanning (for the Natural and Built Environment) _v5 June 1998, 2(1) |
||
| 520 | _aUtility companies hoping to expand their network of power lines could face having to prove there is a real need for the development following the Trade and Industry Secretary`s decision in an application by the National Grid Company. | ||
| 650 | _aNATIONAL GRID COMPANY | ||
| 650 | _aPOWER LINES | ||
| 690 | _aHIGHWAYS RIGHTS OF WAY AND EASEMENTS | ||
| 942 | _n0 | ||
| 948 | _c05/06/1998 | ||
| 999 |
_c54550 _d54550 |
||